Global studies. (Record no. 16748)

000 -LEADER
fixed length control field 00383cas a2200145 a 4500
022 0# - INTERNATIONAL STANDARD SERIAL NUMBER
ISSN 1080-4153
040 ## - CATALOGING SOURCE
Transcribing agency AzPhMC
082 00 - DEWEY DECIMAL CLASSIFICATION NUMBER
Classification number 954 DUS 1993 A113 Or.
245 00 - TITLE STATEMENT
Title Global studies.
246 30 - VARYING FORM OF TITLE
Title proper/short title India and South Asia
260 ## - PUBLICATION, DISTRIBUTION, ETC. (IMPRINT)
Place of publication Guilford, Conn. :
Name of publisher Dushkin Pub. Group,
Year of publication c1993-
300 ## - PHYSICAL DESCRIPTION
Number of Pages v. :
Other physical details ill., maps ;
Dimensions 28 cm.
490 1# - SERIES STATEMENT
Series statement An annual editions publication
942 ## - ADDED ENTRY ELEMENTS (KOHA)
Koha item type សៀវភៅភាសាអង់គ្លេស
952 ## - LOCATION AND ITEM INFORMATION (KOHA)
Withdrawn status [LOCAL, KOHA] 0
Holdings
Permanent Location Date acquired Koha item type Lost status Shelving location Barcode Current Location Full call number
Library Block A2018-04-03សៀវភៅភាសាអង់គ្លេស A113A19514Library Block A954 DUS 1993 A113 Or.
មជ្ឈមណ្ឌលឯការនៃសាកលវិទ្យាល័យភូមិន្ទកសិកម្មចំការដូង

Powered by Koha